Rocque's map of Dublin and environs (Record no. 116834)
[ view plain ]
| 000 -LEADER | |
|---|---|
| fixed length control field | 00977cem a22002175a 4500 |
| 001 - CONTROL NUMBER | |
| control field | L140325 |
| 008 - FIXED-LENGTH DATA ELEMENTS--GENERAL INFORMATION | |
| fixed length control field | 070918r19311756ie a 0 f eng u |
| 035 ## - SYSTEM CONTROL NUMBER | |
| System control number | (Sirsi) u140325 |
| 041 0# - LANGUAGE CODE | |
| Language code of text/sound track or separate title | eng |
| 100 1# - MAIN ENTRY--PERSONAL NAME | |
| Personal name | Rocque, John |
| Dates associated with a name | d. 1762 |
| 245 00 - TITLE STATEMENT | |
| Title | Rocque's map of Dublin and environs |
| Remainder of title | date c. 1756 |
| Medium | [cartographic material] |
| 250 ## - EDITION STATEMENT | |
| Edition statement | Facsim. |
| 255 ## - CARTOGRAPHIC MATHEMATICAL DATA | |
| Statement of scale | Scale 1:11880 |
| 260 ## - PUBLICATION, DISTRIBUTION, ETC. | |
| Place of publication, distribution, etc. | Dublin |
| Name of publisher, distributor, etc. | Ordnance Survey Department |
| Date of publication, distribution, etc. | 1931 |
| 300 ## - PHYSICAL DESCRIPTION | |
| Extent | 1 map |
| Dimensions | 49 x 70 cm. |
| 500 ## - GENERAL NOTE | |
| General note | Item consists of a reproduction of Roque's original held by the National Library of Ireland, published on the bi-centenary of the Royal Dublin Society, 25 June 1931. |
| 500 ## - GENERAL NOTE | |
| General note | Original title of map reads: 'A plan of the City of Dublin and the environs on the same scale as London, Paris and Rome by John Rocque, Chorographer to his R. H. the Prince of Wales'. |
| 651 4# - SUBJECT ADDED ENTRY--GEOGRAPHIC NAME | |
| Geographic name | Dublin |
| 690 ## - LOCAL SUBJECT ADDED ENTRY--TOPICAL TERM (OCLC, RLIN) | |
| Topical term or geographic name as entry element | ENVIRONMENTAL AND LAND CONSULTANCY-GEOMATICS-MAPPING AND POSITIONING-CARTOGRAPHY |
| 942 ## - ADDED ENTRY ELEMENTS (KOHA) | |
| Suppress in OPAC | 0 |
| Withdrawn status | Lost status | Source of classification or shelving scheme | Damaged status | Not for loan | Home library | Current library | Shelving location | Date acquired | Total Checkouts | Full call number | Barcode | Date last seen | Copy number | Price effective from | Koha item type |
|---|---|---|---|---|---|---|---|---|---|---|---|---|---|---|---|
| Dewey Decimal Classification | Historic collection | Historic collection | Historic collection | 18/09/2007 | MAP CABINET DRAWER 9 | 140325-2001 | 06/08/2019 | 1 | 06/08/2019 | Archive |